[Event "C.to Provinciale LI"]
[Site "Livorno ITA"]
[Date "2010.01.10"]
[Round "2"]
[White "Paolinelli, Giacomo"]
[Black "Calcagnile, Lucio"]
[Result "1/2-1/2"]
[WhiteElo "2146"]
[BlackElo "1923"]
[PlyCount "67"]
[EventDate "2010.01.09"]

1. e4 c5 2. Nc3 g6 3. g3 Bg7 4. Bg2 Nc6 5. d3 Nf6 6. Be3 d6 7. h3 O-O 8. Nge2
e5 9. O-O Be6 10. g4 Bxg4 11. hxg4 Nxg4 12. Bh3 Nxe3 13. fxe3 Qg5+ 14. Kh2 Qxe3
15. Nd5 Qg5 16. Qc1 Qh4 17. Qe1 Qxe1 18. Raxe1 Bh6 19. Rf2 Kg7 20. Ref1 Bg5 21.
c3 b5 22. Bd7 Nd8 23. Ng1 a6 24. Nf3 Ra7 25. Nxg5 Rxd7 26. Nf6 Rb7 27. Rf3 h6
28. Nh3 b4 29. R1f2 Ne6 30. Nd5 bxc3 31. bxc3 c4 32. Ng1 cxd3 33. Rxd3 Nc5 34.
Re3 1/2-1/2

[Event "C.to Provinciale LI"]
[Site "Livorno ITA"]
[Date "2010.01.10"]
[Round "3"]
[White "Calcagnile, Lucio"]
[Black "Bardi, Massimo"]
[Result "0-1"]
[WhiteElo "1923"]
[BlackElo "2055"]
[PlyCount "80"]
[EventDate "2010.01.09"]

1. c4 f5 2. Nc3 Nf6 3. Nf3 d6 4. d4 g6 5. Qc2 Nc6 6. Bg5 Bg7 7. O-O-O O-O 8. e3
h6 9. Bxf6 exf6 10. Nh4 Ne7 11. Nd5 Kh7 12. g4 Nxd5 13. cxd5 Bd7 14. gxf5 g5
15. Nf3 c6 16. dxc6 Rc8 17. d5 Bxc6 18. dxc6 Rxc6 19. Bc4 Qc8 20. Kb1 Rxc4 21.
Qd3 Rf7 22. Rc1 Rfc7 23. Rxc4 Rxc4 24. Nd4 Bf8 25. Qd2 d5 26. Rc1 Bb4 27. Rxc4
Qxc4 28. Qc2 Qf1+ 29. Qc1 Qxc1+ 30. Kxc1 g4 31. f3 h5 32. fxg4 hxg4 33. Ne2 Bd6
34. Ng3 Kh6 35. Kd2 Kg5 36. Kd3 Bxg3 37. hxg3 Kxf5 38. Kd4 Ke6 39. e4 dxe4 40.
Kxe4 f5+ 0-1

[Event "C.to Provinciale LI"]
[Site "Livorno ITA"]
[Date "2010.01.10"]
[Round "3"]
[White "Franceschi, Riccardo"]
[Black "Novelli, Cristiano"]
[Result "1-0"]
[WhiteElo "2104"]
[BlackElo "2049"]
[PlyCount "89"]
[EventDate "2010.01.09"]

1. e4 e5 2. Bc4 Nf6 3. d4 exd4 4. Nf3 Nc6 5. O-O Bc5 6. e5 d5 7. exf6 dxc4 8.
Re1+ Be6 9. Ng5 Qd5 10. Nc3 Qf5 11. Nce4 Bf8 12. Nxf7 gxf6 13. Ng3 Qd5 14. Nxh8
O-O-O 15. c3 Bg7 16. cxd4 Nxd4 17. Be3 c5 18. Nf7 Bh3 19. f3 Qxf7 20. gxh3 f5
21. Bf4 Ne6 22. Qc1 Bd4+ 23. Kh1 Qf6 24. Rb1 h5 25. h4 Bf2 26. Bg5 Nxg5 27.
hxg5 Qc6 28. Qf4 Bxe1 29. Qxf5+ Kb8 30. Rxe1 h4 31. Ne4 Qc7 32. g6 a6 33. Qf7
Rd7 34. Qf8+ Rd8 35. Qxc5 Qg7 36. Qg5 Re8 37. Qf4+ Ka7 38. Qf7 Qe5 39. g7 Qb8
40. Rg1 Rg8 41. Qxc4 h3 42. Nf6 Rc8 43. Qd4+ b6 44. g8=Q Qb7 45. Qgd5 1-0

[Event "C.to Provinciale LI"]
[Site "Livorno ITA"]
[Date "2010.01.10"]
[Round "3"]
[White "Picone, Franco"]
[Black "Paolinelli, Giacomo"]
[Result "0-1"]
[WhiteElo "1887"]
[BlackElo "2146"]
[PlyCount "80"]
[EventDate "2010.01.09"]

1. d4 d5 2. Bf4 Nf6 3. e3 c5 4. c3 Nc6 5. Nf3 Qb6 6. b3 Bf5 7. Bd3 Bxd3 8. Qxd3
e6 9. O-O Be7 10. Nbd2 O-O 11. Ne5 a5 12. Nxc6 bxc6 13. dxc5 Bxc5 14. Be5 Nd7
15. Bd4 Qc7 16. Bxc5 Nxc5 17. Qe2 e5 18. b4 Ne6 19. Rfc1 f5 20. b5 c5 21. a4
Rad8 22. Rab1 Rd6 23. Nf3 Rb6 24. c4 e4 25. cxd5 exf3 26. Qc4 Ng5 27. d6+ Qf7
28. Qxc5 Rbb8 29. Qc7 Qh5 30. d7 Rbd8 31. b6 f4 32. b7 Qg4 33. Qc4+ Kh8 34. Qf1
Qxd7 35. exf4 Ne6 36. f5 Nf4 37. gxf3 Qxf5 38. Rb5 Nh3+ 39. Kh1 Qxf3+ 40. Qg2
Rd1+ 0-1

[Event "C.to Provinciale LI"]
[Site "Livorno ITA"]
[Date "2010.01.10"]
[Round "3"]
[White "Senesi, Paolo"]
[Black "Giuntoli, Matteo"]
[Result "0-1"]
[WhiteElo "1661"]
[BlackElo "1924"]
[PlyCount "140"]
[EventDate "2010.01.09"]

1. Nf3 Nf6 2. d4 e6 3. e3 d5 4. c3 Nbd7 5. Bd3 b6 6. Nbd2 Bb7 7. O-O Bd6 8. Re1
Ne4 9. c4 O-O 10. cxd5 exd5 11. Qc2 Ndf6 12. b3 Rc8 13. Bb2 c5 14. Qb1 Re8 15.
dxc5 Rxc5 16. Bd4 Rc8 17. Qb2 Ng4 18. Re2 Qe7 19. a3 f6 20. Nf1 Nh6 21. Ng3 Nf7
22. Nf5 Qe6 23. Nxd6 Nfxd6 24. Rc2 Rxc2 25. Bxc2 Rc8 26. Rc1 Nb5 27. Bd3 Rxc1+
28. Qxc1 Qc6 29. Qxc6 Bxc6 30. a4 Nxd4 31. Nxd4 Bd7 32. Kf1 Kf7 33. Ke2 Nc5 34.
Bc2 h6 35. f3 Ke7 36. h4 Kd6 37. g3 Ne6 38. Nf5+ Kc5 39. g4 d4 40. Kd3 dxe3 41.
Nxe3 Bc6 42. Bd1 Nf4+ 43. Kc3 a5 44. h5 Nd5+ 45. Nxd5 Kxd5 46. Kd3 b5 47. axb5
Bxb5+ 48. Ke3 Kc5 49. Kd2 Kd4 50. Bc2 Bc6 51. Bd1 Bd5 52. f4 Ke4 53. f5 Kf4 54.
Kc3 Bf3 55. Bxf3 Kxf3 56. Kc4 Kxg4 57. Kb5 Kxf5 58. Kxa5 Kg5 59. b4 f5 60. b5
f4 61. b6 f3 62. b7 f2 63. b8=Q f1=Q 64. Qg3+ Kxh5 65. Qe5+ g5 66. Qh2+ Kg6 67.
Qd6+ Qf6 68. Qg3 Qf5+ 69. Kb6 h5 70. Kc7 Qf4+ 0-1

[Event "C.to Provinciale LI"]
[Site "Livorno ITA"]
[Date "2010.01.16"]
[Round "4"]
[White "Bardi, Massimo"]
[Black "Giuntoli, Stefano"]
[Result "1/2-1/2"]
[WhiteElo "2055"]
[BlackElo "1785"]
[PlyCount "107"]
[EventDate "2010.01.09"]

1. e4 e6 2. d4 d5 3. c4 dxe4 4. f3 Nf6 5. Nc3 c5 6. d5 exd5 7. cxd5 exf3 8.
Nxf3 Qe7+ 9. Be2 Ne4 10. O-O Nxc3 11. bxc3 Qc7 12. Bb5+ Bd7 13. Re1+ Kd8 14.
Qe2 Bxb5 15. Qxb5 Qd7 16. Qf1 Qf5 17. Ng5 Qxf1+ 18. Kxf1 Kd7 19. Nxf7 Rg8 20.
Bf4 Be7 21. Ne5+ Kd8 22. Kg1 Rf8 23. Bg3 Nd7 24. Rad1 Nxe5 25. Bxe5 Bf6 26. Bd6
Rf7 27. Rd3 b6 28. g3 Kd7 29. Bf4 c4 30. Rde3 Re7 31. Kf2 Rae8 32. Rxe7+ Rxe7
33. Rc1 g5 34. Bb8 Kc8 35. d6 Rf7 36. Bc7 Bd8+ 37. Ke3 Bxc7 38. dxc7 Kxc7 39.
a4 a6 40. Kd4 b5 41. axb5 axb5 42. Kc5 Rf5+ 43. Kb4 Kc6 44. Re1 Rf2 45. Re6+
Kd5 46. Rb6 Rb2+ 47. Ka3 Rb3+ 48. Ka2 Rxc3 49. Rxb5+ Ke6 50. Rxg5 Rc2+ 51. Ka3
Rxh2 52. Kb4 h6 53. Rc5 Rb2+ 54. Kc3 1/2-1/2

[Event "C.to Provinciale LI"]
[Site "Livorno ITA"]
[Date "2010.01.16"]
[Round "4"]
[White "Giuntoli, Matteo"]
[Black "Calcagnile, Lucio"]
[Result "1/2-1/2"]
[WhiteElo "1924"]
[BlackElo "1923"]
[PlyCount "81"]
[EventDate "2010.01.09"]

1. d4 Nf6 2. Nc3 c5 3. dxc5 Qa5 4. Nf3 Nc6 5. e3 g6 6. Bd2 Qxc5 7. a3 Bg7 8.
Bd3 d5 9. O-O O-O 10. Re1 e5 11. e4 Bg4 12. h3 Bxf3 13. Qxf3 Nd4 14. Qg3 dxe4
15. Nxe4 Nxe4 16. Bxe4 Qb5 17. Bd3 Qa4 18. b3 Qc6 19. Qh4 Rfd8 20. Be4 Qc7 21.
Bh6 f5 22. Bxg7 Kxg7 23. Bd3 Nxb3 24. Rab1 Nc5 25. Bxf5 Rd4 26. Qg3 Rf8 27. Bd3
Nxd3 28. cxd3 Rdf4 29. f3 b6 30. Qf2 Rd4 31. Qe3 Rfd8 32. Rbc1 Qd6 33. Qxe5+
Qxe5 34. Rxe5 R8d7 35. Re3 b5 36. Kf2 a5 37. Rc3 h6 38. Ke2 Kf6 39. Rc5 R7d5
40. Rc6+ Rd6 41. Rc5 1/2-1/2

[Event "C.to Provinciale LI"]
[Site "Livorno ITA"]
[Date "2010.01.16"]
[Round "4"]
[White "Novelli, Cristiano"]
[Black "Batoni, Fabrizio"]
[Result "1-0"]
[WhiteElo "2049"]
[BlackElo "1440"]
[PlyCount "61"]
[EventDate "2010.01.09"]

1. e4 e6 2. Nf3 d5 3. e5 c5 4. b4 c4 5. a3 Be7 6. d4 cxd3 7. Bxd3 Qc7 8. Bb2
Nc6 9. O-O Bd7 10. Re1 Nh6 11. Nbd2 g6 12. Rc1 Nf5 13. c4 dxc4 14. Nxc4 a6 15.
Bxf5 gxf5 16. Nd6+ Kf8 17. Nd4 h5 18. a4 Qb6 19. b5 axb5 20. axb5 Nb4 21. Qb3
Nd5 22. N4xf5 Rg8 23. Bd4 Qa5 24. Nxe7 Kxe7 25. Bc5 Qa2 26. Qf3 Be8 27. Ne4+
Kd8 28. Nf6 Rg6 29. Nxd5 exd5 30. e6 fxe6 31. Qf8 1-0

[Event "C.to Provinciale LI"]
[Site "Livorno ITA"]
[Date "2010.01.16"]
[Round "4"]
[White "Paolinelli, Giacomo"]
[Black "Franceschi, Riccardo"]
[Result "1-0"]
[WhiteElo "2146"]
[BlackElo "2104"]
[PlyCount "55"]
[EventDate "2010.01.09"]

1. e4 d5 2. exd5 Qxd5 3. Nc3 Qa5 4. d4 c6 5. Nf3 Nf6 6. Bc4 Bf5 7. Bd2 e6 8.
Nd5 Qd8 9. Nxf6+ Qxf6 10. Qe2 Nd7 11. O-O-O Bg4 12. d5 Bxf3 13. gxf3 cxd5 14.
Bxd5 Ba3 15. c3 O-O 16. Be4 Be7 17. h4 h6 18. Bg5 hxg5 19. Bh7+ Kh8 20. hxg5
Qf4+ 21. Kb1 g6 22. Bxg6+ Kg7 23. Rxd7 Bxg5 24. Rd4 Qf6 25. Bc2 Rh8 26. Rg1 Kf8
27. Qb5 Bh6 28. Rd7 1-0

[Event "C.to Provinciale LI"]
[Site "Livorno ITA"]
[Date "2010.01.17"]
[Round "5"]
[White "Franceschi, Riccardo"]
[Black "Bardi, Massimo"]
[Result "1-0"]
[WhiteElo "2104"]
[BlackElo "2055"]
[PlyCount "67"]
[EventDate "2010.01.09"]

1. e4 e6 2. d4 a6 3. Be3 b5 4. Nf3 Bb7 5. Bd3 Nf6 6. Nbd2 d5 7. e5 Ne4 8. c3 c5
9. dxc5 Nxc5 10. Bc2 Nc6 11. Qe2 Qc7 12. Bd4 Be7 13. h4 Nd7 14. Bd3 Rc8 15. O-O
Nc5 16. Bxc5 Bxc5 17. Nb3 Be7 18. Rae1 h6 19. Nbd4 Nxd4 20. Nxd4 Bc5 21. Qg4
Rg8 22. Bh7 Bxd4 23. cxd4 Kf8 24. Bxg8 Kxg8 25. Re3 Qe7 26. Rg3 Qf8 27. Qf4 Kh7
28. Rc1 a5 29. Rgc3 Rc4 30. b3 Rxc3 31. Rxc3 Bc8 32. Rc7 Kg8 33. Qc1 Ba6 34.
Ra7 1-0

[Event "C.to Provinciale LI"]
[Site "Livorno ITA"]
[Date "2010.01.17"]
[Round "5"]
[White "Novelli, Cristiano"]
[Black "Paolinelli, Giacomo"]
[Result "1-0"]
[WhiteElo "2049"]
[BlackElo "2146"]
[PlyCount "93"]
[EventDate "2010.01.09"]

1. d4 d5 2. c4 e6 3. Nc3 Nf6 4. Bg5 Nbd7 5. Nf3 c6 6. e3 Qa5 7. h4 Ne4 8. Qb3
Bd6 9. Bd3 h6 10. Bf4 Bxf4 11. exf4 Nxc3 12. bxc3 O-O 13. c5 Qc7 14. Ne5 Nxe5
15. fxe5 f6 16. f4 b6 17. Qb4 bxc5 18. Qxc5 Rb8 19. O-O Rb6 20. a4 Rb2 21. a5
f5 22. Rf3 Re8 23. Rff1 Qe7 24. Qxe7 Rxe7 25. Rfb1 Reb7 26. Rxb2 Rxb2 27. Rb1
Rxb1+ 28. Bxb1 Ba6 29. Kf2 Kf7 30. Ke3 Ke7 31. Kd2 h5 32. Kc2 Kd7 33. Kb3 Bb5
34. Kb4 Kc7 35. Bc2 Kd7 36. Kc5 Kc7 37. Bd1 g6 38. Bb3 Bf1 39. Ba4 Bb5 40. Bxb5
cxb5 41. Kxb5 Kb7 42. Kc5 Kc7 43. c4 dxc4 44. Kxc4 Kc6 45. d5+ exd5+ 46. Kd4 a6
47. g3 1-0

[Event "C.to Provinciale LI"]
[Site "Livorno ITA"]
[Date "2010.01.17"]
[Round "6"]
[White "Bardi, Massimo"]
[Black "Soventi, Maurizio"]
[Result "1-0"]
[WhiteElo "2055"]
[BlackElo "1893"]
[PlyCount "59"]
[EventDate "2010.01.09"]

1. e4 e6 2. Nf3 d5 3. e5 c5 4. b4 cxb4 5. a3 Nc6 6. axb4 Bxb4 7. c3 Bc5 8. d4
Bb6 9. Bd3 f6 10. Nh4 Qe7 11. Qh5+ Qf7 12. Bg6 hxg6 13. Qxh8 fxe5 14. Nxg6 exd4
15. O-O Bd7 16. Bg5 Bd8 17. Bxd8 Kxd8 18. cxd4 Kc7 19. Ne5 Nxe5 20. dxe5 Bc6
21. Rc1 Rf8 22. Qh4 a6 23. Qd4 Qf4 24. Qc5 d4 25. Ra2 Nh6 26. Qd6+ Kc8 27.
Rxc6+ bxc6 28. Rc2 Kb7 29. Qxc6+ Ka7 30. Rb2 1-0

[Event "C.to Provinciale LI"]
[Site "Livorno ITA"]
[Date "2010.01.17"]
[Round "6"]
[White "Giuntoli, Matteo"]
[Black "Novelli, Cristiano"]
[Result "1-0"]
[WhiteElo "1924"]
[BlackElo "2049"]
[PlyCount "111"]
[EventDate "2010.01.09"]

1. e4 g6 2. d4 Bg7 3. Nc3 d6 4. Be3 c6 5. Qd2 b5 6. g3 a5 7. Bg2 Nd7 8. Nf3 Nb6
9. b3 b4 10. Ne2 Nf6 11. Nh4 h6 12. f4 Bb7 13. O-O Ng4 14. Rad1 Nxe3 15. Qxe3
Qc7 16. e5 dxe5 17. dxe5 e6 18. c4 O-O 19. Rd2 Rfd8 20. Rfd1 Rxd2 21. Rxd2 Rd8
22. Nd4 Bf8 23. Kf1 Bc5 24. Qe4 Rxd4 25. Rxd4 Bxd4 26. Qxd4 c5 27. Qd3 Bxg2+
28. Nxg2 a4 29. Ne3 a3 30. Ng4 h5 31. Nf6+ Kf8 32. Qd6+ Qxd6 33. exd6 Nxc4 34.
Nd7+ Ke8 35. Nxc5 Nxd6 36. Nd3 Nb5 37. Nxb4 Nd4 38. Kf2 h4 39. gxh4 Ke7 40. Ke3
Nf5+ 41. Kf2 Nd4 42. Ke3 Nf5+ 43. Kf3 Nxh4+ 44. Kg4 Nf5 45. Nc2 Kd6 46. Nxa3
Ne3+ 47. Kg5 Nd5 48. Nc4+ Kc5 49. h4 Kd4 50. Nd6 Nc3 51. Nxf7 Nxa2 52. Kxg6 Ke4
53. h5 Nb4 54. h6 Nd5 55. h7 Ne7+ 56. Kg5 1-0

[Event "C.to Provinciale LI"]
[Site "Livorno ITA"]
[Date "2010.01.17"]
[Round "6"]
[White "Paolinelli, Giacomo"]
[Black "Senesi, Paolo"]
[Result "1-0"]
[WhiteElo "2146"]
[BlackElo "1661"]
[PlyCount "95"]
[EventDate "2010.01.09"]

1. e4 c5 2. Nc3 d6 3. g3 g6 4. Bg2 Bg7 5. d3 e6 6. Be3 Nc6 7. Qd2 a6 8. Nge2
Qc7 9. O-O b6 10. h3 Bb7 11. f4 Nge7 12. g4 Nd4 13. Ng3 f5 14. Rae1 O-O 15.
Nce2 Rad8 16. c3 Nxe2+ 17. Rxe2 d5 18. exf5 exf5 19. d4 c4 20. Qc2 Bc8 21. g5
Bb7 22. Bc1 Nc8 23. b3 b5 24. Ba3 Rf7 25. Qd2 Nd6 26. Bxd6 Qxd6 27. Rfe1 Bc8
28. b4 h6 29. h4 hxg5 30. hxg5 a5 31. a3 axb4 32. axb4 Qc6 33. Nf1 Rff8 34. Nh2
Bd7 35. Nf3 Rfe8 36. Ne5 Bxe5 37. fxe5 Be6 38. Re3 Re7 39. Rh3 Rh7 40. Rxh7
Kxh7 41. Qf4 Rh8 42. Ra1 Qb7 43. Kf2 Kg7 44. Bf3 Qb8 45. Ra6 Qc8 46. Ra7+ Kf8
47. Qc1 Bd7 48. e6 1-0

[Event "C.to Sociale"]
[Site "Savigliano ITA"]
[Date "2010.02.18"]
[Round "6"]
[White "Milanesio, Pietro"]
[Black "Giordana, Diego"]
[Result "1-0"]
[WhiteElo "1756"]
[BlackElo "1482"]
[PlyCount "29"]
[EventDate "2010.01.14"]

1. d4 c5 2. dxc5 e6 3. Be3 Qc7 4. Qd4 a5 5. Nc3 Nc6 6. Nb5 Nxd4 7. Nxc7+ Kd8 8.
Nxa8 Nxc2+ 9. Kd1 Nxe3+ 10. fxe3 Bxc5 11. Rc1 b6 12. Rxc5 bxc5 13. Nb6 Bb7 14.
Nc4 a4 15. Nd6 1-0

[Event "C.to Sociale"]
[Site "Savigliano ITA"]
[Date "2010.02.25"]
[Round "7"]
[White "Blengino, Luca"]
[Black "Longo, Luigi"]
[Result "0-1"]
[WhiteElo "1898"]
[BlackElo "1948"]
[PlyCount "40"]
[EventDate "2010.01.14"]

1. d4 d5 2. Nf3 Nf6 3. c4 e6 4. Nc3 c6 5. e3 Nbd7 6. Bd3 Bd6 7. O-O O-O 8. b3
Qa5 9. Bd2 Bb4 10. Qc2 dxc4 11. bxc4 Qh5 12. e4 e5 13. d5 Nc5 14. Be2 Re8 15.
Ne1 Qg6 16. f3 Nh5 17. Rc1 f5 18. Nd3 Nxd3 19. Bxd3 Bc5+ 20. Kh1 Ng3+ 0-1

[Event "V Torneo Inverno Vomero"]
[Site "Napoli ITA"]
[Date "2010.01.14"]
[Round "1"]
[White "Accardo, Francesco"]
[Black "Guardascione, Federico G."]
[Result "1-0"]
[WhiteElo "1872"]
[BlackElo "1536"]
[PlyCount "99"]
[EventDate "2010.01.14"]

1. g4 d5 2. Bg2 Bxg4 3. c4 Nf6 4. Qb3 Bc8 5. cxd5 Qd6 6. Nc3 a6 7. d4 g6 8. e4
Nfd7 9. Nge2 c5 10. Bf4 Qb6 11. Qc2 Bg7 12. Na4 Qa5+ 13. Bd2 Qc7 14. dxc5 O-O
15. Rc1 Nf6 16. b4 Nbd7 17. f4 Nh5 18. O-O Ndf6 19. Nb6 Bg4 20. Nc3 Rad8 21.
Qd3 Bc8 22. Ne2 e5 23. d6 Qc6 24. fxe5 Ng4 25. a4 Nxe5 26. Qa3 Bg4 27. Nd4 Qe8
28. Be3 Bd7 29. h3 h6 30. Rcd1 Nc6 31. Ne2 Ne5 32. Nxd7 Qxd7 33. Qb3 g5 34. Rd5
Kh7 35. Rf5 f6 36. Bd4 Nc6 37. Qf3 Nxd4 38. Nxd4 Nf4 39. b5 Nxd5 40. Rxd5 axb5
41. axb5 f5 42. e5 Rc8 43. Qc3 Rfe8 44. c6 bxc6 45. bxc6 Rxc6 46. Nxc6 Rc8 47.
Rc5 g4 48. Nd4 Rb8 49. Rc7 Qa4 50. Rxg7+ 1-0

[Event "V Torneo Inverno Vomero"]
[Site "Napoli ITA"]
[Date "2010.01.14"]
[Round "1"]
[White "Borrelli, Salvatore"]
[Black "Di Gennaro, Antonio"]
[Result "1-0"]
[WhiteElo "1967"]
[BlackElo "1676"]
[PlyCount "120"]
[EventDate "2010.01.14"]

1. f4 g6 2. Nf3 d5 3. e3 Bg7 4. d3 Nh6 5. Be2 b6 6. O-O O-O 7. Nc3 Bb7 8. Qe1
f6 9. Nd4 Qd7 10. Bf3 c5 11. Ndb5 a6 12. Na3 b5 13. Nd1 b4 14. Nb1 a5 15. c3
Na6 16. d4 cxd4 17. exd4 Rfe8 18. Be3 Nf5 19. Bf2 Nd6 20. Ne3 Ne4 21. Nd2 bxc3
22. bxc3 Nxc3 23. Nb3 Ne4 24. Nxa5 Rac8 25. Nxb7 Qxb7 26. Nxd5 Qxd5 27. Qxe4
Qxe4 28. Bxe4 Rb8 29. Rab1 Nc7 30. Bc6 Red8 31. Rb3 Rxb3 32. axb3 f5 33. Rd1
Rb8 34. Ba4 Nd5 35. g3 Kf7 36. Rc1 Rb4 37. Rc4 Rb8 38. Kf1 e6 39. Ke2 Bf8 40.
Be1 Nb6 41. Rc7+ Kg8 42. Bc6 Nd5 43. Bxd5 exd5 44. Rc3 Bg7 45. Rd3 Re8+ 46. Kd1
Ra8 47. Bc3 Ra2 48. Rd2 Ra8 49. Rb2 Rc8 50. Kd2 Bf6 51. b4 Bd8 52. b5 Bb6 53.
Kd3 Ra8 54. Bb4 Rc8 55. Bc5 Bxc5 56. dxc5 Rxc5 57. b6 Rc8 58. b7 Rb8 59. Kd4
Kf8 60. Kxd5 Ke7 1-0

[Event "V Torneo Inverno Vomero"]
[Site "Napoli ITA"]
[Date "2010.01.14"]
[Round "1"]
[White "De Meo, Guido"]
[Black "Seletsky, Grigory"]
[Result "0-1"]
[WhiteElo "1860"]
[BlackElo "2345"]
[PlyCount "102"]
[EventDate "2010.01.14"]

1. d4 Nf6 2. c4 c5 3. Nf3 cxd4 4. Nxd4 Nc6 5. g3 e6 6. Nc2 b6 7. Bg2 Bb7 8. Nc3
Na5 9. Bxb7 Nxb7 10. O-O Rc8 11. Ne3 Na5 12. Qd3 Qc7 13. b3 a6 14. Bb2 Qb7 15.
Rac1 Be7 16. Rfd1 O-O 17. Nf1 Rfd8 18. e4 d6 19. Qe2 Rb8 20. Nd2 b5 21. cxb5
axb5 22. Re1 b4 23. Na4 d5 24. Nc5 Qa8 25. exd5 Qxd5 26. Nde4 Ne8 27. Red1 Qa8
28. Nd7 Rb7 29. Nec5 Bxc5 30. Nxc5 Rc7 31. Rxd8 Qxd8 32. Be5 Rc6 33. Rd1 Qc8
34. Nd3 Rc2 35. Rd2 Rxd2 36. Qxd2 Nc6 37. Ba1 Qd7 38. Qe2 Qd5 39. Nf4 Qc5 40.
Nd3 Qb5 41. Qe3 h6 42. Qd2 Qd5 43. Qe2 Nd6 44. Nf4 Qf5 45. Qd3 Qc5 46. Ne2 Ne5
47. Bxe5 Qxe5 48. Qd2 Ne4 49. Qd4 Qxd4 50. Nxd4 Nc3 51. Kf1 Nxa2 0-1

[Event "V Torneo Inverno Vomero"]
[Site "Napoli ITA"]
[Date "2010.01.14"]
[Round "1"]
[White "Della Corte, Alessandro"]
[Black "Esposito, Rosario"]
[Result "1-0"]
[WhiteElo "2229"]
[BlackElo "1847"]
[PlyCount "59"]
[EventDate "2010.01.14"]

1. c4 c5 2. Nf3 Nc6 3. Nc3 Nf6 4. d4 cxd4 5. Nxd4 g6 6. e4 Bg7 7. Be3 d6 8. f3
O-O 9. Qd2 Bd7 10. Be2 a6 11. Rc1 Ne5 12. O-O Rc8 13. b3 Ne8 14. Rfd1 Nc7 15.
Nd5 Nxd5 16. cxd5 b5 17. h3 f6 18. f4 Nf7 19. Ne6 Bxe6 20. dxe6 Nh8 21. f5 g5
22. Rxc8 Qxc8 23. Rc1 Qb8 24. Qd5 Rc8 25. Rc6 Qa8 26. Rc7 Bf8 27. Qxa8 Rxa8 28.
Rc6 Bg7 29. g4 Kf8 30. Kf2 1-0

[Event "V Torneo Inverno Vomero"]
[Site "Napoli ITA"]
[Date "2010.01.14"]
[Round "1"]
[White "Donzella, Emanuele"]
[Black "Gallo, Thomas Renato"]
[Result "1/2-1/2"]
[WhiteElo "1646"]
[BlackElo "1889"]
[PlyCount "148"]
[EventDate "2010.01.14"]

1. e4 e5 2. c3 c5 3. d4 cxd4 4. cxd4 exd4 5. Nf3 d5 6. Qxd4 Nf6 7. e5 Nc6 8.
Bb5 Ne4 9. O-O Bc5 10. Bxc6+ bxc6 11. Qa4 Qb6 12. Qc2 Ba6 13. b4 Qxb4 14. Ba3
Qb5 15. Rc1 Bxf2+ 16. Kh1 c5 17. Nc3 Qc4 18. Nxd5 Qxd5 19. Qa4+ Qd7 20. Qxe4
O-O 21. Bxc5 Bxc5 22. Rxc5 Bb7 23. Qc4 Rac8 24. Rc1 Rxc5 25. Qxc5 Rc8 26. Qe3
Rxc1+ 27. Qxc1 h6 28. Qe3 Bd5 29. a3 Qb7 30. Qc3 a6 31. h3 Be6 32. Kg1 Qb6+ 33.
Kf1 a5 34. Ke2 a4 35. Nd4 Qb7 36. Kf2 Bd5 37. Nf3 Qb6+ 38. Nd4 Qg6 39. Qc8+ Kh7
40. Qf5 Bb3 41. g4 h5 42. gxh5 Qxf5+ 43. Nxf5 Bd1 44. Nd6 Bxh5 45. Kg3 Kg6 46.
Kf4 Bd1 47. Kg3 Bb3 48. Kh4 Be6 49. Kg3 Kh5 50. Ne8 Kg6 51. h4 Ba2 52. Kf4 Kh6
53. Nd6 Kh5 54. Ne8 Kg6 55. Nd6 Kh7 56. Kg5 Be6 57. Nb7 Kg8 58. Nc5 Bb3 59. Kf4
Kf8 60. Ke4 Ke7 61. Kd4 f6 62. exf6+ Kxf6 63. Nxb3 axb3 64. Kc3 b2 65. Kxb2 g5
66. hxg5+ Kxg5 67. a4 Kf5 68. Kb3 Ke6 69. Kb4 Kd6 70. Kb5 Kc7 71. Ka6 Kb8 72.
a5 Ka8 73. Kb6 Kb8 74. a6 Ka8 1/2-1/2

[Event "V Torneo Inverno Vomero"]
[Site "Napoli ITA"]
[Date "2010.01.14"]
[Round "1"]
[White "Irtuso, Emanuele"]
[Black "De Rosa, Mariagrazia"]
[Result "0-1"]
[WhiteElo "1744"]
[BlackElo "2089"]
[PlyCount "40"]
[EventDate "2010.01.14"]

1. e4 c5 2. Nf3 d6 3. d4 cxd4 4. Nxd4 Nf6 5. Nc3 a6 6. Be2 e6 7. Be3 Be7 8. Qd2
Qc7 9. a4 b6 10. O-O Bb7 11. f3 Nc6 12. Nxc6 Bxc6 13. Rfd1 O-O 14. Qd4 Nd7 15.
b4 Bf6 16. Qxd6 Qxd6 17. Rxd6 Bxc3 18. Rxc6 Bxa1 19. Bxb6 Nxb6 20. Rxb6 Bd4+
0-1

[Event "V Torneo Inverno Vomero"]
[Site "Napoli ITA"]
[Date "2010.01.14"]
[Round "1"]
[White "Lerro, Luca"]
[Black "Caiazzo, Diego"]
[Result "0-1"]
[WhiteElo "1479"]
[BlackElo "1862"]
[PlyCount "78"]
[EventDate "2010.01.14"]

1. e4 e6 2. d4 d5 3. Nc3 dxe4 4. Nxe4 Nd7 5. Nf3 Ngf6 6. Bd3 Be7 7. O-O O-O 8.
Bf4 Nxe4 9. Bxe4 Nf6 10. Bd3 c5 11. Be5 cxd4 12. Bxd4 b6 13. c3 Bb7 14. Ne5 Qd5
15. f3 Bc5 16. Bc4 Qxe5 17. Re1 Bxd4+ 18. cxd4 Qd6 19. Qd3 Rfd8 20. Rad1 Rac8
21. Bb3 Rc7 22. g4 Qf4 23. Rf1 Rcd7 24. Bc2 Qxd4+ 25. Qxd4 Rxd4 26. Rc1 h6 27.
Kf2 g6 28. Kg3 Rd2 29. Rfe1 Kg7 30. h4 Rc8 31. g5 hxg5 32. hxg5 Nh5+ 33. Kg4
Rcxc2 34. Rxc2 Rxc2 35. Rd1 Bd5 36. b3 Rg2+ 37. Kh3 Rxg5 38. a4 Rg3+ 39. Kh2
Rxf3 0-1

[Event "V Torneo Inverno Vomero"]
[Site "Napoli ITA"]
[Date "2010.01.14"]
[Round "1"]
[White "Messina, Enrico"]
[Black "Di Meo, Antonio"]
[Result "1-0"]
[WhiteElo "2122"]
[BlackElo "1784"]
[PlyCount "83"]
[EventDate "2010.01.14"]

1. e4 d6 2. d4 Nf6 3. Nc3 c6 4. Nf3 Bg4 5. Be3 Qc7 6. Qd2 e6 7. Bd3 Be7 8.
O-O-O b5 9. h3 Bh5 10. g4 Bg6 11. e5 b4 12. exf6 bxc3 13. Qxc3 Bxf6 14. g5 Be7
15. h4 Bh5 16. Be2 d5 17. Ng1 Bxe2 18. Nxe2 Na6 19. h5 Nb4 20. Kb1 Kd7 21. Nc1
Rhb8 22. a3 Na6 23. Nd3 Rb6 24. g6 hxg6 25. hxg6 f6 26. Rh7 Rg8 27. Rdh1 Qb8
28. Bf4 Qf8 29. Ka2 Nc7 30. Qa5 Qb8 31. Re1 Qb7 32. Qd2 Na6 33. Rh3 c5 34. c3
Re8 35. Rhe3 Bf8 36. Bg3 cxd4 37. cxd4 Rc6 38. Nf4 Qb6 39. Nxd5 Qb5 40. Nc3 Qa5
41. d5 Kc8 42. dxc6 1-0

[Event "V Torneo Inverno Vomero"]
[Site "Napoli ITA"]
[Date "2010.01.14"]
[Round "1"]
[White "Pinto, Gaetano"]
[Black "Capaldo, Salvatore"]
[Result "1-0"]
[WhiteElo "2046"]
[BlackElo "1719"]
[PlyCount "131"]
[EventDate "2010.01.14"]

1. e4 e5 2. Nf3 Nc6 3. Bc4 Bc5 4. c3 Nf6 5. d3 h6 6. b4 Bb6 7. b5 Na5 8. Nxe5
O-O 9. Nxf7 Rxf7 10. Bxf7+ Kxf7 11. O-O d6 12. Nd2 Bg4 13. Qc2 Qd7 14. a4 Re8
15. c4 Kg8 16. Re1 Qf7 17. Nf1 Qg6 18. Be3 Bf3 19. Ng3 Bg4 20. Bxb6 axb6 21. f3
Bd7 22. Rab1 Nh5 23. Nxh5 Qxh5 24. Qc3 Re6 25. f4 Rg6 26. f5 Rf6 27. Re3 Qe8
28. Rg3 Kh8 29. Rf1 Kh7 30. Rh3 Qe5 31. Qxe5 dxe5 32. Rb1 Kg8 33. g4 Rd6 34.
Kf2 Kf7 35. Rg3 Kf6 36. h4 Rd4 37. Rb4 Be8 38. Ke3 Bf7 39. g5+ hxg5 40. hxg5+
Ke7 41. Rg4 Kd6 42. g6 Bg8 43. Rh4 Kc5 44. Rb1 c6 45. Rg4 Nxc4+ 46. dxc4 Rxc4
47. bxc6 bxc6 48. a5 bxa5 49. Rb8 Bd5 50. f6 gxf6 51. g7 Be6 52. g8=Q Bxg8 53.
Rbxg8 Rb4 54. Ra8 a4 55. Rg7 Kc4 56. Rc7 c5 57. Ra5 Rb3+ 58. Kd2 Kb4 59. Rcxc5
a3 60. Kc2 Rb2+ 61. Kc1 Rb3 62. Rab5+ Ka4 63. Rxb3 Kxb3 64. Kb1 Kb4 65. Rc6 Kb5
66. Rc8 1-0

[Event "V Torneo Inverno Vomero"]
[Site "Napoli ITA"]
[Date "2010.01.14"]
[Round "1"]
[White "Sciaudone, Francesco"]
[Black "Esposito, Pino"]
[Result "0-1"]
[WhiteElo "1575"]
[BlackElo "1881"]
[PlyCount "56"]
[EventDate "2010.01.14"]

1. e4 g6 2. d4 Bg7 3. Nf3 d6 4. Nc3 Nd7 5. Bc4 e6 6. O-O Ne7 7. Be3 O-O 8. Qd2
Nb6 9. Bb3 d5 10. Bh6 c6 11. Bxg7 Kxg7 12. Rfe1 Ng8 13. Rad1 Re8 14. Ne5 Nd7
15. Ng4 Ndf6 16. Ne5 Nd7 17. Ng4 h5 18. Ne3 Ndf6 19. exd5 exd5 20. Ne2 Ne4 21.
Qd3 b5 22. f3 Nd6 23. Nf4 Qg5 24. Ne2 Rxe3 25. Qd2 Qe7 26. c3 Bd7 27. Bc2 Re8
28. Kf2 Nc4 0-1